书目信息 |
| 题名: |
实用五金手册
|
|
| 作者: | 祝燮权 主编 | |
| 分册: | ||
| 出版信息: | 上海 上海科学技术出版社 1991.2 |
|
| 页数: | 一册 | |
| 开本: | 64 | |
| 丛书名: | ||
| 单 册: | ||
| 中图分类: | TS91-62 | |
| 科图分类: | ||
| 主题词: | ||
| 电子资源: | ||
| ISBN: | ||
| 000 | 00504nam0 2200181 45 | |
| 001 | 0181011438 | |
| 005 | 20061125110328.73 | |
| 010 | @b精装@dCNY8.00 | |
| 100 | @a20810111d km y0chiy0120 ea | |
| 101 | 0 | @achi |
| 105 | @a z 000yy | |
| 200 | 1 | @Ashi yong wu jin shou ce@Fzhu yi quan@a实用五金手册@f祝燮权主编 |
| 210 | @a上海@c上海科学技术出版社@d1991.2 | |
| 215 | @a一册@c无图表@d64 | |
| 690 | @aTS91-62 | |
| 701 | 0 | @a祝燮权@4主编 |
| 801 | @aCN@bTSTC@c20061125 | |
| 905 | @dTS91-62@e1=4@f2@b247639-40 | |
| 实用五金手册/祝燮权主编.-上海:上海科学技术出版社,1991.2 |
| 一册:无图表;64 |
| ISBN (精装):CNY8.00 |
| ● |
| 相关链接 |
|
|
|
|
正题名:实用五金手册
索取号:TS91-62/1=4
 
预约/预借
| 序号 | 登录号 | 条形码 | 馆藏地/架位号 | 状态 | 备注 |
| 1 | 0247640 | 000561564 | 第二样本阅览室/ [索取号:TS91-62/1=4] | 在馆 |